Les Nuages - Statistiques

Statistiques générales
  • Ce quiz a été pris 113 fois
  • Le résultat moyen est 8 sur 28
Statistiques - réponses
Par images Réponse % Correct
Cumulonimbus
95%
Cumulus
88%
Cirrus
81%
Stratus
78%
Altocumulus
64%
Altostratus
63%
Cirrocumulus
60%
Stratocumulus
58%
Cirrostratus
54%
Nimbostratus
54%
Lenticulaire
20%
Arcus
15%
Mammatus
11%
Asperitas
10%
Cavum
9%
Fractus
9%
Pyrocumulus
9%
Mur
7%
Homogenitus
6%
Pannus
6%
Pileus
5%
Contrails
4%
Kelvin-Helmholtz
4%
Velum
4%
Homomutatus
2%
Shelf
2%
Cirrostratus fibratus
1%
Noctilucent
1%
Aucun quiz correspondant
Distribution des résultats
% des personnes avec chaque résultat
Percentile par nombre de réponses
Votre historique - résultats
Vous n’avez pas pris ce quiz